Direct and inverse imbedding theorems ; applications to the solution of elliptic equations by variational methods /

Guardado en:
Autor Principal: Kudriavtsev, L. D.
Formato: Libro
Idioma:English
Russian
Publicado: Providence : American Mathematical Society, 1974.
Series:Translations of mathematical monographs ; v. 42
Materias:
Etiquetas: Agregar Etiqueta
Sin Etiquetas, Sea el primero en etiquetar este registro!
LEADER 01171cam a2200265 a 4500
001 MAT.inmabb006233
008 731217s1974####riu######b####000#0#eng##
005 20170609171841.0
245 1 0 |a Direct and inverse imbedding theorems ;  |b applications to the solution of elliptic equations by variational methods /  |c by L. D. Kudrjavcev. [Translated from the Russian by S. Smith] 
260 |a Providence :  |b American Mathematical Society,  |c 1974. 
300 |a iv, 206 p. ;  |c 24 cm. 
440 0 |a Translations of mathematical monographs ;  |v v. 42 
500 |a Traducción de: Priamye i obratnye teoremy vlozheniia, originally published as v. 55 of Trudy of Matematicheskii in-t of Akademiia nauk SSSR. 
504 |a Incluye referencias bibliográficas. 
510 4 |a MR,  |c 49 #9618 
020 |a 082181592X 
100 1 |a Kudriavtsev, L. D.  |q (Lev Dmitrievich) 
240 1 0 |a Priamye i obratnye teoremy vlozheniia.  |l Inglés 
650 0 |a Differential equations, Elliptic  |x Numerical solutions. 
650 0 |a Embedding theorems. 
084 |a 46E35 (35A15 35JXX)  |2 MR 
010 |a  73022139  
040 |a DLC  |c DLC  |d DLC 
041 1 |a eng  |h rus 
859 |h 46  |i K95d  |p A-5646  |b BIB. MATEMATICA